Chūkyō no taishū katsudō. (Record no. 35042)
[ view plain ]
| 000 -LEADER | |
|---|---|
| fixed length control field | 01491cam a2200397 a 4500 |
| 001 - CONTROL NUMBER | |
| control field | j 65003026 |
| 003 - CONTROL NUMBER IDENTIFIER | |
| control field | DLC |
| 005 - DATE AND TIME OF LATEST TRANSACTION | |
| control field | 20260227111520.0 |
| 008 - FIXED-LENGTH DATA ELEMENTS--GENERAL INFORMATION | |
| fixed length control field | 900503m19491950ja 000 0 jpn |
| 010 ## - LIBRARY OF CONGRESS CONTROL NUMBER | |
| LC control number | j 65003026 |
| 035 ## - SYSTEM CONTROL NUMBER | |
| System control number | (CStRLIN)DCLP90-B9662 |
| 040 ## - CATALOGING SOURCE | |
| Original cataloging agency | DLC-R |
| Transcribing agency | DLC-R |
| Modifying agency | DLC-R |
| -- | DLC |
| 041 1# - LANGUAGE CODE | |
| Language code of text/sound track or separate title | jpn |
| Language code of original | chi |
| 043 ## - GEOGRAPHIC AREA CODE | |
| Geographic area code | a-cc--- |
| 050 00 - LIBRARY OF CONGRESS CALL NUMBER | |
| Classification number | DS777.55 |
| Item number | .C46559 |
| 066 ## - CHARACTER SETS PRESENT | |
| Alternate G0 or G1 character set | $1 |
| 245 00 - TITLE STATEMENT | |
| Linkage | 880-01 |
| Title | Chūkyō no taishū katsudō. |
| 260 ## - PUBLICATION, DISTRIBUTION, ETC. | |
| Linkage | 880-02 |
| Place of publication, distribution, etc. | [Tokyo] : |
| Name of publisher, distributor, etc. | Chūgoku Kenkyūjo, |
| Date of publication, distribution, etc. | [1949?-195-] |
| 300 ## - PHYSICAL DESCRIPTION | |
| Extent | 2 v. ; |
| Dimensions | 19 cm. |
| 490 1# - SERIES STATEMENT | |
| Linkage | 880-03 |
| Series statement | Shonai kenkyū shiryō |
| 546 ## - LANGUAGE NOTE | |
| Language note | Includes selected translations from Chinese. |
| 500 ## - GENERAL NOTE | |
| General note | Cover title. |
| 500 ## - GENERAL NOTE | |
| General note | Vol. 2 has title: Tōkatsudō to tenken : tsuketari, seifū bunken "chōsa kenkyū ni kansuru ketsugi." |
| 651 #0 - SUBJECT ADDED ENTRY--GEOGRAPHIC NAME | |
| Geographic name | China |
| General subdivision | Politics and government |
| Chronological subdivision | 1949-1976. |
| 610 20 - SUBJECT ADDED ENTRY--CORPORATE NAME | |
| Linkage | 880-04 |
| Corporate name or jurisdiction name as entry element | Zhongguo gong chan dang. |
| 710 2# - ADDED ENTRY--CORPORATE NAME | |
| Linkage | 880-05 |
| Corporate name or jurisdiction name as entry element | Chūgoku Kenkyūjo (Tokyo, Japan) |
| 740 0# - ADDED ENTRY--UNCONTROLLED RELATED/ANALYTICAL TITLE | |
| Linkage | 880-06 |
| Uncontrolled related/analytical title | Tōkatsudō to tenken. |
| 880 00 - ALTERNATE GRAPHIC REPRESENTATION | |
| Linkage | 245-01/$1 |
| a | 中共の大衆活動. |
| 880 ## - ALTERNATE GRAPHIC REPRESENTATION | |
| Linkage | 260-02/$1 |
| a | [Tokyo] : |
| b | 中國硏究所, |
| c | [1949?-195-] |
| 880 1# - ALTERNATE GRAPHIC REPRESENTATION | |
| Linkage | 490-03/$1 |
| a | 所內研究資料 |
| 880 24 - ALTERNATE GRAPHIC REPRESENTATION | |
| Linkage | 610-04/$1 |
| a | 中國共産黨. |
| 880 2# - ALTERNATE GRAPHIC REPRESENTATION | |
| Linkage | 710-05/$1 |
| a | 中國硏究所 (Tokyo, Japan) |
| 880 0# - ALTERNATE GRAPHIC REPRESENTATION | |
| Linkage | 740-06/$1 |
| a | 黨活動と點檢. |
| 830 #0 - SERIES ADDED ENTRY--UNIFORM TITLE | |
| Linkage | 880-07 |
| Uniform title | Shonai kenkyū shiryō (Chūgoku Kenkyūjo (Tokyo, Japan)) |
| 880 #0 - ALTERNATE GRAPHIC REPRESENTATION | |
| Linkage | 830-07/$1 |
| a | 所內研究資料 (Chūgoku Kenkyūjo (Tokyo, Japan)) |
No items available.